000 00844nas a2200265Ia 4500
001 A50/R028-31276
003 IT-MiCISF
008 161014c99999999xx |||||||||||| ||und||
040 _aIT-MiCISF
_cIT-MiCISF
041 _aITALIANO
100 _aDi Nicola Giulia Paola
210 _aLa famiglia
222 _aLa famiglia
245 0 _aSemplicemente padri
250 _a1a ed.
260 _c2000
501 _bCISF - Centro Internazionale Studi Famiglia - Via Giotto, 36 20145 MILANO (non commercial uses only)
_cCopyright 2016
300 _app. 71-77
362 _an. 199, gennaio-febbraio [2000]
500 _aConvegno Cisf, Milano 26 novembre 1999 Tema: paternità, autorità, teologia, antropologia, psicologia
650 _agenitorialità
_vdivulgazione
700 _aAA.VV.
942 _cCR
957 _71
999 _a31276
_bSi
_g1
_c231333
_d231333